Quizzes
Events
Quiz Creation
Community
Videos
Private Events
Remove Ads
Sign In
Join for FREE
Feedback
Dark Mode
Quiz Categories
Sports
Geography
Music
Movies
Television
Just For Fun
Miscellaneous
History
Literature
Language
Science
Gaming
Entertainment
Religion
Holiday
For Kids
Quiz Lab
Recent
Popular Today
Quiz Kudos Today
Editor Picks
Curator Picks
Quizzes by...
Day
Popularity
Type
Ratings
Length
Year
Community
Subscriptions
Recent Discussions
Orange Saloon
Badges
Playlists
Quests
Create
Leaderboards
Showdown
Live 5
Trivia Bingo
Activity
Puzzle Library
Sporcle Events
Private Events
Virtual Trivia
Globe League
Become a Host
Pub Owners
SporcleCon
Opinionation
Our Games
Videos
Blog
Mobile Apps
Partnerships
Remove Ads and Go Orange
Feedback
Entertainment
Celebrity
Famous
Musical
Broadway
Show
Quote
Comic Books
Anime
Superhero
DC Comics
Marvel
Cartoons
Animation
Entertainment
Celebrity
Famous
Musical
Broadway
Show
Quote
Comic Books
Anime
Superhero
DC Comics
Marvel
Cartoons
Animation
Random Quiz
Search Sporcle
×
Quiz Lab
Quiz Lab
Entertainment
Popular
Click on answers out of a set of options
Click on answers out of a set of options
Multiple Choice
Best Score? Go Orange.
From the Most Popular Entertainment Quizzes Stats
Can you answer these questions from the most popular entertainment games on Sporcle?
By
hkthom
4m
15 Questions
541 Plays
541 Plays
541 Plays
Comments
Comments
Give Quiz Kudos
Give Quiz Kudos
-
- Ratings
hide this ad
More Info
Random Order
Randomize order of answers
Randomize order of answers
Replay
Link that replays current quiz
Next Quiz
Link to next quiz in quiz playlist
You Got
0%
They Got
Avg Score
68%
Avg Friend Score
Upgrade to see
Score Distribution
Jump to the score distribution portion of the page
Score
0/15
Timer
04:00
0
Plays Today
Question
Answer
Wrong Answers
From FABULOUS FONTS: What company, TV show, or movie uses the font shown in picture #12 above?
Friends
90.7%
Spider Man
1.1%
The Matrix
1.7%
Walt Disney
2%
From CARTOONS: What cartoon is show in picture #11 above?
He-Man (Masters of the Universe)
90%
Invader ZIM
1.9%
Captain Caveman
1.7%
Thundercats
2.2%
From FAMOUS FACES: Who is shown in picture #13 above?
Richard Branson
88.9%
David Hasselhoff
2.2%
Al Pacino
0.4%
William Shatner
4.3%
From CHAT ACRONYMS: What does the acronym IRL stand for?
In Real Life
87%
I Really Love
2.8%
It's Really Long
1.5%
I'm Rolling In Laughter
5.7%
From CORPORATE LOGOS II: What company's logo is shown in picture #2 above?
Rolex
86.9%
Airbus
1.5%
Barclays
6.7%
Peugeot
4.3%
From FAMOUS FACES (BADLY DRAWN): Who face is drawn, badly, in picture #10 above?
John Lennon
85.9%
Napoleon Dynamite
4.8%
Harry Potter
4.3%
Charles Darwin
0.7%
From DISNEY BUNKER: Who does Captain Hook fear above all else?
The Crocodile
82%
Tinker Bell
4.3%
Peter Pan
8.9%
Michael Eisner
0.9%
From ADVERTISING SLOGANS: What company had the advertising slogan 'We bring good things to life'?
General Electric
70.4%
Apple
9.6%
DeBeers
5%
MasterCard
10.9%
From CORPORATE LOGOS: What company's logo is shown in picture #1 above?
The Boeing Company
69.1%
American Airlines
8.7%
United Airlines
14.8%
DreamWorks
7.4%
From CAR LOGOS: What car logo is shown in picture #4 above?
Maserati
68.9%
Alfa Romeo
17.6%
Ferrari
4.8%
Opel
6.1%
From CORPORATE LOGOS III: What company's logo is shown in picture #7 above?
Ryanair
62.8%
Corona
16.1%
Nestlé
10%
TDK
7.8%
From SEVEN DIRTY WORDS: Which of these is NOT one of George Carlin's seven dirty words?
Almighy Lord Curse This
48.7%
Fellatio Aficionado
10.7%
The C Word
9.4%
Pee Pee
29.1%
From CANDY SLOGANS: What candy has the advertising slogan 'For the Kid in You'?
Nestlé Crunch
33.3%
Butterfinger
32.8%
Snickers
11.3%
Kit-Kat
18%
From HERO LOGOS: What super hero logo is shown in picture #6 above?
Spawn
33.1%
Hellboy
3.9%
Autobots
4.3%
Green Lantern
55.7%
From DRUG OR POKÉMON?: Which of the following is NOT a drug but is a Pokemon?
Altaria
24.8%
Fuzeon
36.7%
Crestor
15.9%
Luxiq
17.6%
Quiz Playlist
Details
Report
Send in Message
Add To Playlist
More Info:
One question adapted from each of the 15 most popular Sporcle Entertainment quizzes.
Multiple Choice:
Click on answers out of a set of options
Random Order:
Randomize order of answers
Quiz Source
Last Updated: Sep 17, 2017
Quiz Scoreboard
CHALLENGE
Sign Up to Join the Scoreboard
Show All
Scores
Hide
Comments
May contain spoilers
Recently Published
Movies - When Are They Set?
by FPL_Elf
Movies
5m
Popular People in 1961
by mucciniale
History
6m
1-10 Letter E Words III
by El_Dandy
Language
2m
More to Explore
Quiz From the Vault
Featured Blog Post
Where Did the Easter Bunny Come From?
hide this ad
You Might Also Like...
Tags
Popular Quiz
Sporcle Quiz
Multiple Choice
Today's Top Quizzes in Entertainment
Browse Entertainment
hide this ad
Today's Top Quizzes in Popular
Browse Popular
Top Contributed Quizzes in Entertainment
1
Kamen Rider Motifs
2
Dragon Ball Z: Goku's Fights in Order
3
Dragon Ball Z: Mega Character Search
4
One Piece Arcs By Order III
5
Survivor Winners Logic Quiz
6
Undead Unluck Minefield
7
Criteria Quickie: Cartoon Taxonomy II
8
Marvel Characters Bunker
9
Who Wants to Be a Millionaire: Anime Edition
10
Demon Slayer 11-1
Explore More
Trending Topics
Crossword
Marvel
Kpop
Anime
NBA
Disney
Harry Potter
WWE
Puzzle
Soccer
Song
NFL
The Office
Country
Pokémon
hide this ad
More By:
hkthom
Quiz
Plays
Rating
Category
Featured
Created
NBA Seasons with 35, 30, 25, 20, 15, and 10 PPG
72,310
4.78
Sports
Sep 8, 2016
8 to 1: Famous Quotes in Movies
66,398
4.68
Movies
Jan 23, 2018
8 to 1: Famous Quotes in Movies II
51,094
4.53
Movies
Jan 30, 2018
US Fruit Production by State
31,254
4.53
Geography
Jun 21, 2017
NHL Seasons with 70, 60, 50, 40, 30, and 20 Goals
23,869
4.82
Sports
Sep 13, 2016
Go to Creator's Profile
Score Distribution
Quiz Creator Spotlight
hkthom
Follow
Send a Message
Quizzes Created
-
Created Quiz Play Count
-
More By This Creator
Popular Quizzes Today
1
Find the US States - No Outlines Minefield
2
Find the Countries of Europe - No Outlines Minefield
3
The Countries of the World
4
Popular People in 1961
5
1-10 Letter E Words III
6
US States
7
Find the US States
8
One Thing in Common: World Cities II
More Entertainment Quizzes
SeaWorld Coasters
Quiz Lab
Trending Quizzes
Risky Map Clicking: Least Populous States A-Z
1-10 Letter F Words
Humor Books: The Subtitles
1-10 Letter G Words
One Thing in Common: United Kingdom
Recently Updated
Leaping Animals
pecheneg
Reality TV Shows (A-Z)
bhenderson79
Rickey Henderson's Hall of Fame Teammates
pecheneg
Champions League XIs: Arsenal
pecheneg
Quick Pick: Celebrities in WWE's Hall of Fame
aduchscher
A-Z Keypad Blitz II
pecheneg
Multiple Oscar Actors
pecheneg
Mystery Phrase Blitz: Oscar 'Best Actors'
pecheneg
F. Scott Fitzgerald Novels
LTH
Pick 3 Villains
ddd62291
Trending Topics
Crossword
Harry Potter
Marvel
Disney
Anime
NBA
Kpop
Puzzle
Soccer
WWE
The Office
Country
Song
NFL
Pokémon
Your Account Isn't Verified!
In order to create a playlist on Sporcle, you need to verify the email address you used during registration. Go to your
Sporcle Settings
to finish the process.
Report this User
Report this user for behavior that violates our
Community Guidelines
.
Details:
Send Report
Go to the Sporcle.com Mobile Site →
Comments